000
00214nam a2200085Ia 4500
008
120527s9999 xx 000 0 und d
100
_a
Lewis, Ricki
245
_a
Human Genetics: concepts and applications
942
_c
BK
999
_c
27317
_d
27317